=LDR 00000nam 2200000 4500 =001 INLIS000000000027665 =005 20130612130024 =008 ***********************************Ind** =035 ##$$0010-061300000027665 =041 ##$$a Ind =082 ##$$a 664.12 =090 ##$$a 664.12, Lat m =100 ##$$a latif, Abdul =245 ##$$a Membuat aneka kreasi dari sabun, Abdul Latif =260 ##$$a 2004 $b Jakarta =300 ##$$a iv, 68 hlm, ilus, 20 cm =650 ##$$a Sabun =850 ##$$a NBPNMAT